000 00493nam a2200181Ia 4500
008 090123s9999 xx 000 0 und d
082 _b25710
100 _aमराठे अनंत
245 _aआंधळा
250 _a1
260 _bमराठे पब्लिशिंग हाऊस
300 _a124
600 _aमराठे अनंत
630 _aआंधळा
700 _aमराठे अनंत
730 _aआंधळा
942 _cBOOK
999 _c63781
_d63781